00960nam a2200193Ia 4500001001700000003001000017008004100027040002500068041000700093100001900100240003600119245010800155250001100263260006600274300001200340500039000352650001300742700001100755c37-25353 [4361]IT-MiCISF161014s9999||||xx |||||||||||||| ||und|| aIT-MiCISFcIT-MiCISF afr aVolcher Robert aLa sexualité des handicapés 0aLa sexualité des handicapésbXVIIème colloque international de sexologie, Louvain 6-7-8 juin 1975 a1a ed. a Leuven (Belgio)bCentre international Cardinal Suenensc1975 app. 210 aVan den Berghe H., Eisenring J.J., Lerminiaux J., Renders X., Strypste M., Mellor M.R., Falisse M.F., Schellen A., Santori G., Schenkel R., Steichen R., Installe P., Petre P., Sorel L., De Haene P., De Schaetzen D., Roscam G., Heilen V. / handicap, sessualità, infanzia, malattie-mentali, educazione-sessuale, problemi-sessualità, psicologia, carcere, pastorale, morale-sessuale /  ahandicap aAA.VV.